Technologie chemických látek /
Gespeichert in:
| 1. Verfasser: | |
|---|---|
| Format: | Buch |
| Sprache: | Tschechisch |
| Veröffentlicht: |
Praha
VŠCHT
2012
|
| Schlagworte: | |
| Tags: |
Keine Tags, Fügen Sie das erste Tag hinzu!
|
MARC
| LEADER | 00000nam a22000003a 4500 | ||
|---|---|---|---|
| 001 | 0092499 | ||
| 003 | SK-STU | ||
| 005 | 20211216135118.2 | ||
| 007 | ta | ||
| 008 | 211216s ----xo-----e------000-0-----d | ||
| 020 | |a 978-80-7080-588-6 | ||
| 040 | |a STU |b slo | ||
| 041 | 0 | |a cze | |
| 044 | |a xr | ||
| 100 | 1 | |a Hovorka, František |4 aut | |
| 245 | 1 | 0 | |a Technologie chemických látek / |c aut. František Hovorka |
| 260 | |a Praha |b VŠCHT |c 2012 | ||
| 300 | |a 180 s. | ||
| 650 | 0 | 7 | |a chemický priemysel |
| 650 | 0 | 7 | |a chemické látky |
| 650 | 0 | 7 | |a chemické technológie |
| 996 | |b 284M088980 |c M* S-1742-1 |l MMST |s A |a 24 |w 0092499_0001 | ||